000 01855nam a2200385 a 4500
001 000002693
003 DO-SdBNP
005 20170919134524.0
007 000002693
008 090703s1993 dr a 000 0 spa d
040 _aBPMSU
_bspa
_cBPMSU
082 4 _a336.26
_bC587t
100 1 _aClander, Luis Antonio
245 1 4 _aLas técnicas de aduana en la República Dominicana /
_cLuis Antonio Clander.
260 _aSanto Domingo :
_bSoto Castillo,
_c1993.
300 _a398 p. :
_bil. ;
_c21 cm.
500 _aIncluye notas al pie de las páginas
504 _aIncluye referencias bibliográficas y notas al pie de las páginas.
504 _aBibliografía: p. 395-398
505 0 _tGeneralidades --
_tReseña histórica de la aduana en la República Dominicana --
_tRégimen legal que sustenta las operaciones aduaneras --
_tApectos que rigen el tratamiento aduanero de las importaciones --
_tEl costo de adquisición como factor primordial en la gravación del impuesto --
_tDistinto procedimientos que fundamentan el desaduanamiento de las importaciones --
_t Exoneración del impuesto de una mercancia importada --
_tCompañias mineras y compañias aseguradoras --
_tRelaciones comerciales internacionales --
_tLas exportaciones --
_tConcluciones y recomendaciones --
_tApéndices --
_tBibliografía y entrevistas.
650 4 _aPOLÍTICA ARANCELARIA
650 4 _aADUANAS
_zREPÙBLICA DOMINICANA
650 4 _aARANCELES DE ADUANA
_zREPÚBLICA DOMINICANA
910 _aValidado. Control de calidad BNPHU
930 1 _l
_m
_h
_8
_f
_p
_h
930 1 _l
_m
_h
_8
_f
_p
930 1 _l
_m
_h
_8
_f
_p
_h
942 _2ddc
_cBK
945 _aInventariado / 2017 VM
956 _a
_b
_c
_l
_h
956 _a
_b
_c
_l
_h
956 _a
_b
_c
_l
_h
956 _a
_b
_c
_l
_h
956 _aVMATEO
_b10
_c20150722
_lBPMSU
_h00151
999 _c7997
_d7997